| 000 | 00353nam a2200133Ia 4500 | ||
|---|---|---|---|
| 008 | 150301s2001 xx 000 0 und d | ||
| 082 |
_a610.7 _bP01K |
||
| 100 | _aKOWALAK, JENNIFER P. | ||
| 245 | _aPROFESSIONAL GUIDE TO COMPLEMENTARY & ALTERNATIVE THERAPY | ||
| 260 |
_bSPRING HOUSE _c2001 |
||
| 300 | _a621 | ||
| 650 | _aNURING BOOKS | ||
| 942 |
_2ddc _cBK |
||
| 999 |
_c6858 _d6858 |
||